000 01029cam a2200277 4500
008 030319n2002 000 0 eng u
020 _a0471414905
035 _a(Sirsi) u121682
041 _aeng.
050 _a332.67
_c18
100 _aDamodaran, Aswarth
245 _aInvestment valuation: tools and techniques for determining the value of any asset
250 _a2nd ed.
260 _aNew York
_bWiley
_c2002
300 _axvi, 992p.
_c26cm.
350 _a44.95
520 _aAn American text which offers instruction on how to value virtually any type of asset - including real estate, stocks, bonds, options, futures and more. Looks at the theory and application of various valuation models and highlights their strengths and weaknesses.
650 _aVALUATION METHODS
650 _aINVESTMENT VALUATION
650 _aASSET VALUATION
650 _aVALUATION MODELS
650 _aBOND VALUATION
650 _aREAL ESTATE VALUATION
690 _aPROPERTY-PROPERTY APPRAISAL AND VALUATION
942 _n0
999 _c102708
_d102708